Sueños y trayectorias : acercamientos a las narrativas e historias de vida de jóvenes indígenas universitarias de la universidad intercultural de San Luis Potosí /
Salvato in:
| Autore principale: | |
|---|---|
| Natura: | Elettronico eBook |
| Lingua: | spagnolo |
| Pubblicazione: |
San Luis Potosí, S.L.P. :
El Colegio de San Luis,
2022.
|
| Edizione: | Primera edición en formato digital. |
| Serie: | Colección Investigaciones (San Luis Potosí, Mexico)
|
| Soggetti: | |
| Accesso online: | Digitalia Hispánica |
| Tags: |
Aggiungi Tag
Nessun Tag, puoi essere il primo ad aggiungerne!!
|
MARC
| LEADER | 00000nam a2200000Ii 4500 | ||
|---|---|---|---|
| 001 | DIGCOSLU0096 | ||
| 003 | NyNyDIG | ||
| 006 | m o d | ||
| 007 | cr ||||||||||| | ||
| 008 | 241101s2022 mx ao ob 000 0 spa d | ||
| 035 | |a (OCoLC)1472054557 | ||
| 040 | |a DGITA |b eng |e rda |e pn |c DGITA | ||
| 020 | |a 9786078794843 |q eBook | ||
| 043 | |a n-mx--- | ||
| 050 | 1 | 4 | |a LC1099.5.M6 ebook |
| 100 | 1 | |a Leñero Llaca, Martha Isabel, |e author. | |
| 245 | 1 | 0 | |a Sueños y trayectorias : |b acercamientos a las narrativas e historias de vida de jóvenes indígenas universitarias de la universidad intercultural de San Luis Potosí / |c Martha Isabel Leñero Llaca. |
| 250 | |a Primera edición en formato digital. | ||
| 264 | 1 | |a San Luis Potosí, S.L.P. : |b El Colegio de San Luis, |c 2022. | |
| 300 | |a 1 online resource : |b illustrations, photographs. | ||
| 336 | |a text |b txt |2 rdacontent | ||
| 337 | |a computer |b c |2 rdamedia | ||
| 338 | |a online resource |b cr |2 rdacarrier | ||
| 347 | |a text file |2 rdaft | ||
| 347 | |b EPUB | ||
| 490 | 1 | |a Colección Investigaciones | |
| 504 | |a Includes bibliographical references. | ||
| 588 | 0 | |a Online resource; title from ePub title page (Digitalia, viewed November 1, 2024) | |
| 650 | 0 | |a Multicultural education |z Mexico |z San Luis Potosí. | |
| 650 | 0 | |a Education, Higher |x Social aspects |z Mexico |z San Luis Potosí. | |
| 650 | 0 | |a Indians |x Education (Higher) |z Mexico |z San Luis Potosí. | |
| 650 | 0 | |a Cultural pluralism |z Mexico |z San Luis Potosí. | |
| 791 | 2 | |a Digitalia (Firm), |e distributor. | |
| 793 | 0 | |g Digitalia eBook Collection: |a El Colegio de San Luis | |
| 830 | 0 | |a Colección Investigaciones (San Luis Potosí, Mexico) | |
| 856 | 4 | 0 | |3 Digitalia Hispánica |u https://digitalia.unach.elogim.com/a/158710/ |
| 910 | |a Premium collection: 2024 | ||